[Event "Elitzur Int Online"]
[Site "Chess.com INT"]
[Date "2020.11.01"]
[Round "8"]
[White "Ofek, Ram"]
[Black "Katzir, Moshe"]
[Result "0-1"]
[WhiteElo "2120"]
[BlackElo "2159"]
[PlyCount "76"]
[EventDate "2020.11.01"]
[EventType "swiss (blitz)"]
[EventRounds "11"]
[EventCountry "ISR"]
[SourceTitle "CBM 199 Extra"]
[Source "ChessBase"]
[SourceDate "2021.01.31"]
[SourceVersion "1"]
[SourceVersionDate "2021.01.31"]
[SourceQuality "1"]

1. g3 c5 2. c4 Nc6 3. Bg2 e5 4. Nc3 d6 5. Nf3 Nge7 6. 0-0 g6 7. d3 Bg7 8. a3 0-0 9. Rb1 a5 10. Bg5 h6 11. Bd2 Be6 12. Qc1 Kh7 13. Be3 b6 14. Nh4 f5 15. f4 Rc8 16. Nd5 Nd4 17. Qd1 Nxd5 18. cxd5 Bf7 19. Nf3 Qe8 20. Nxd4 cxd4 21. Bf2 Rc5 22. b4 axb4 23. axb4 Rb5 24. e4 dxe3 25. Bxe3 Bxd5 26. Bxd5 Rxd5 27. Bxb6 e4 28. Rb3 Qb5 29. Bf2 exd3 30. Qd2 Re8 31. Rd1 Re2 32. Qc1 d2 33. Qc7 Rd3 34. Rbb1 Rxf2 35. Kxf2 Qd5 36. Qe7 Qf3+ 37. Kg1 Re3 38. Qf7 Re2 0-1

[Event "Beersheba"]
[Site "Beersheba"]
[Date "1998.??.??"]
[Round "2"]
[White "Ofek, Ram"]
[Black "Alienkin, Aleksander"]
[Result "1-0"]
[WhiteElo "2245"]
[BlackElo "2415"]
[PlyCount "73"]
[EventDate "1998.??.??"]
[EventType "tourn"]
[EventRounds "11"]
[EventCountry "ISR"]
[EventCategory "4"]
[SourceTitle "EXT 2000"]
[Source "ChessBase"]
[SourceDate "1999.11.16"]
[SourceVersion "1"]
[SourceVersionDate "1999.11.16"]
[SourceQuality "1"]

1. e4 e6 2. d4 d5 3. e5 c5 4. c3 Nc6 5. Nf3 Bd7 6. a3 c4 7. Bf4 Nge7 8. Be2 Ng6 9. Be3 Be7 10. g3 f6 11. exf6 Bxf6 12. h4 0-0 13. Ng5 h6 14. Qc2 Nce7 15. Bh5 Qe8 16. Nh3 e5 17. g4 exd4 18. cxd4 Bxh4 19. Nc3 Nf5 20. Kd2 Nfe7 21. f4 Qc8 22. Bxg6 Bxg4 23. Ng5 Bf5 24. Bxf5 Nxf5 25. Nf3 Qe6 26. Ne5 Bf6 27. Rae1 Rab8 28. Kc1 b5 29. Bf2 Rfe8 30. Ng4 Qd7 31. Nxf6+ gxf6 32. Reg1+ Kf7 33. Rh5 Ne7 34. Rxh6 b4 35. Bh4 Rb6 36. Qh7+ Kf8 37. Qg7# 1-0

[Event "Beersheba"]
[Site "Beersheba"]
[Date "1998.??.??"]
[Round "9"]
[White "Ofek, Ram"]
[Black "Rapoport, Evgeny"]
[Result "0-1"]
[WhiteElo "2245"]
[BlackElo "2280"]
[PlyCount "96"]
[EventDate "1998.??.??"]
[EventType "tourn"]
[EventRounds "11"]
[EventCountry "ISR"]
[EventCategory "4"]
[SourceTitle "EXT 2000"]
[Source "ChessBase"]
[SourceDate "1999.11.16"]
[SourceVersion "1"]
[SourceVersionDate "1999.11.16"]
[SourceQuality "1"]

1. e4 e5 2. Nf3 Nc6 3. Bb5 a6 4. Bxc6 dxc6 5. 0-0 Qd6 6. d4 exd4 7. Nxd4 Bd7 8. Be3 0-0-0 9. Nd2 Nh6 10. h3 Qg6 11. Kh1 f5 12. exf5 Nxf5 13. Nxf5 Bxf5 14. c3 Bd6 15. f4 Rhe8 16. Qf3 Bc5 17. Bxc5 Rxd2 18. Rad1 Be4 19. Rxd2 Bxf3 20. Rxf3 Re1+ 21. Kh2 b6 22. Bd4 h5 23. a3 Rc1 24. f5 Qd6+ 25. g3 Qd5 26. Rdf2 h4 27. gxh4 Qe4 28. Bxg7 Qb1 29. f6 Rh1+ 30. Kg3 Qg6+ 31. Kf4 Qh5 32. Kg3 Qg6+ 33. Kf4 Re1 34. Re3 Rg1 35. Rff3 Qh5 36. Rg3 Rf1+ 37. Ref3 Re1 38. Re3 Qxh4+ 39. Kf5 Rf1+ 40. Ke6 Qc4+ 41. Ke7 Rd1 42. Kf8 Rd8+ 43. Re8 Qc5+ 44. Kf7 Qh5+ 45. Rg6 Qd5+ 46. Kf8 Qd6+ 47. Kf7 Qd7+ 48. Re7 Qd5+ 0-1

[Event "Beersheba"]
[Site "Beersheba"]
[Date "1998.??.??"]
[Round "8"]
[White "Roiz, Michael"]
[Black "Ofek, Ram"]
[Result "1-0"]
[WhiteElo "2370"]
[BlackElo "2245"]
[PlyCount "97"]
[EventDate "1998.??.??"]
[EventType "tourn"]
[EventRounds "11"]
[EventCountry "ISR"]
[EventCategory "4"]
[SourceTitle "EXT 2000"]
[Source "ChessBase"]
[SourceDate "1999.11.16"]
[SourceVersion "1"]
[SourceVersionDate "1999.11.16"]
[SourceQuality "1"]

1. d4 Nf6 2. Nf3 g6 3. c4 Bg7 4. g3 0-0 5. Bg2 d6 6. 0-0 Nc6 7. Nc3 Bf5 8. d5 Na5 9. Nd4 Bd7 10. Qd3 c5 11. Nc2 Rb8 12. b3 a6 13. Bd2 b5 14. Rab1 Qc7 15. h3 Rb7 16. e4 Rfb8 17. Rbe1 Ne8 18. f4 bxc4 19. bxc4 Rb4 20. Na3 Rb2 21. Re2 e5 22. f5 f6 23. g4 g5 24. Bf3 h6 25. Nd1 R2b7 26. Bc3 Bf8 27. Ne3 Be7 28. Rff2 Bd8 29. h4 Rb4 30. Rh2 Ra4 31. Be1 Nb3 32. axb3 Rxa3 33. Rb2 Ba4 34. Bd1 a5 35. hxg5 hxg5 36. Qb1 Bxb3 37. Bxb3 a4 38. Bxa4 Rxb2 39. Qxb2 Rxe3 40. Bf2 Rxe4 41. Bxe8 Rxg4+ 42. Kh1 Rxc4 43. Qe2 Rc1+ 44. Kg2 Qb7 45. Bc6 Qb1 46. Bd7 c4 47. Be6+ Kf8 48. Rh8+ Ke7 49. Re8+ 1-0

[Event "Beersheba"]
[Site "Beersheba"]
[Date "1998.??.??"]
[Round "3"]
[White "Shevelev, Arkady"]
[Black "Ofek, Ram"]
[Result "1-0"]
[WhiteElo "2375"]
[BlackElo "2245"]
[PlyCount "105"]
[EventDate "1998.??.??"]
[EventType "tourn"]
[EventRounds "11"]
[EventCountry "ISR"]
[EventCategory "4"]
[SourceTitle "EXT 2000"]
[Source "ChessBase"]
[SourceDate "1999.11.16"]
[SourceVersion "1"]
[SourceVersionDate "1999.11.16"]
[SourceQuality "1"]

1. e4 c5 2. Nf3 Nc6 3. d4 cxd4 4. Nxd4 Nf6 5. Nc3 e5 6. Ndb5 d6 7. Nd5 Nxd5 8. exd5 Nb8 9. c4 a6 10. Nc3 Be7 11. Bd3 0-0 12. 0-0 f5 13. f3 Nd7 14. Be3 Bg5 15. Bf2 Bf4 16. Qc2 Qg5 17. Rfe1 Qh5 18. h3 Nc5 19. Bf1 Rf6 20. b4 Nd7 21. Ne2 Bh6 22. c5 g5 23. g4 Qf7 24. Ng3 Nf8 25. cxd6 Ng6 26. Qc7 Bf8 27. Nxf5 Bxf5 28. gxf5 Rxf5 29. Qxf7+ Rxf7 30. Bc5 Rd8 31. Bd3 Nf4 32. Bc4 b5 33. Bb3 Nxh3+ 34. Kh2 Rxf3 35. Rxe5 Bxd6 36. Bxd6 Rxd6 37. Re6 Rxe6 38. dxe6 Kf8 39. Rc1 g4 40. Rc7 Ke8 41. Bd5 Re3 42. Rf7 Ng5 43. Bc6+ Kd8 44. Rd7+ Kc8 45. Bb7+ Kb8 46. e7 Nf7 47. Bxa6 Nd6 48. Rxd6 Rxe7 49. Bxb5 h5 50. Rd5 Re4 51. Rxh5 Rxb4 52. Kg3 Kb7 53. a4 1-0

[Event "Lloyds Bank op 14th"]
[Site "London"]
[Date "1990.??.??"]
[Round "?"]
[White "Ofek, Ram"]
[Black "Kaidanov, Gregory S"]
[Result "0-1"]
[WhiteElo "2235"]
[BlackElo "2500"]
[PlyCount "64"]
[EventDate "1990.08.??"]
[EventType "swiss"]
[EventRounds "10"]
[EventCountry "ENG"]
[SourceTitle "EXT 1997"]
[Source "ChessBase"]
[SourceDate "1996.11.15"]
[SourceVersion "1"]
[SourceVersionDate "1996.11.15"]
[SourceQuality "1"]

1. e4 e5 2. Nf3 Nc6 3. Bc4 Bc5 4. c3 Nf6 5. b4 Bb6 6. d3 d6 7. a4 a6 8. 0-0 0-0 9. Nbd2 Ne7 10. d4 exd4 11. cxd4 Nc6 12. d5 Nxb4 13. a5 Bc5 14. Qb3 b6 15. Ba3 bxa5 16. Bb2 c6 17. Qc3 Bb7 18. dxc6 Nxc6 19. Rad1 Qe7 20. Bd5 Bb4 21. Qd3 Rfe8 22. Nc4 Rad8 23. Qb3 Ba8 24. Rd3 Bc5 25. Ne3 Nxd5 26. Nxd5 Qxe4 27. Ng5 Qg6 28. Rg3 Nd4 29. Bxd4 Bxd4 30. Nc7 Qf5 31. Nxe8 Rxe8 32. Qa4 Qxf2+ 0-1

[Event "Beersheba-B"]
[Site "Beersheba"]
[Date "1990.??.??"]
[Round "?"]
[White "Ofek, Ram"]
[Black "Tseitlin, Mark D"]
[Result "0-1"]
[WhiteElo "2235"]
[BlackElo "2415"]
[PlyCount "80"]
[EventDate "1990.03.??"]
[EventType "schev"]
[EventRounds "5"]
[EventCountry "ISR"]
[SourceTitle "EXT 1997"]
[Source "ChessBase"]
[SourceDate "1996.11.15"]
[SourceVersion "1"]
[SourceVersionDate "1996.11.15"]
[SourceQuality "1"]

1. e4 c5 2. c3 d6 3. d4 Nf6 4. f3 Nbd7 5. Be3 e5 6. Bc4 Be7 7. Ne2 0-0 8. dxc5 Nxc5 9. Bxc5 dxc5 10. 0-0 b5 11. Bxb5 Qb6 12. c4 a6 13. Ba4 Qxb2 14. Nbc3 Qb6 15. Rb1 Qc7 16. Qb3 Bd6 17. Qb6 Qe7 18. Rfd1 Bc7 19. Qb3 Rb8 20. Qc2 Rb4 21. a3 Rxb1 22. Rxb1 g6 23. Ng3 Rd8 24. Rd1 Rd4 25. Nge2 Bb6 26. Kh1 Rd6 27. Rxd6 Qxd6 28. Qd1 Qe7 29. Bc6 Kg7 30. Na4 Ba7 31. Nac3 h5 32. Qa4 h4 33. Nd5 Qd6 34. Nec3 Nh5 35. Be8 Qd8 36. Qc6 Qg5 37. Ne2 h3 38. g3 Be6 39. f4 Qg4 40. Ng1 Nxg3+ 0-1